Elementary Metallurgy
Enregistré dans:
| Auteur principal: | |
|---|---|
| Format: | Livre |
| Langue: | anglais |
| Publié: |
Nueva York
McGraw-Hill Book Company
1952
|
| Édition: | 2a. ed |
| Sujets: | |
| Tags: |
Ajouter un tag
Pas de tags, Soyez le premier à ajouter un tag!
|
MARC
| LEADER | 00000cam a2200000 a 4500 | ||
|---|---|---|---|
| 001 | UCC6725 | ||
| 003 | CL-VaPUC | ||
| 008 | 190103e19520000us |||||||||||||||||eng|d | ||
| 082 | 0 | 4 | |a 669 |b FRI |2 21 |
| 100 | 0 | |a Frier, W. T |e author |9 601201 | |
| 245 | 1 | 0 | |a Elementary Metallurgy |
| 250 | |a 2a. ed | ||
| 300 | |a 258 p | ||
| 942 | |c BK | ||
| 945 | |d 20190103 17:32:00 |a dcastane | ||
| 260 | |a Nueva York |b McGraw-Hill Book Company |c 1952 | ||
| 650 | 0 | |a Metalurgia |9 263720 | |
| 583 | |a last modification |c 20190103 17:32:00 |k Rodrigo Vera | ||
| 999 | |c 373592 |d 373590 | ||
| 952 | |0 0 |1 0 |3 erd |4 0 |6 669_000000000000000_FRI_1952 |7 0 |8 A |9 491786 |a BIBING |b BIBING |i 5527317 |o 669 FRI 1952 |p 5527317 |r 2025-01-20 |w 2019-11-24 |y BK |z Catalogado en:20190103 |k EIQ | ||